Bez hanby o ohanbí všetko, čo ste chceli vedieť o vagíne a neodvážili ste sa opýtať

Bez hanby o ohanbí je knižka, ktorá vysvetľuje všetko, čo ste chceli vedieť o vagíne, ale neodvážili ste sa na to nikoho opýtať. Ani len lekára či svojej najlepšej kamarátky. Jej autorky však lekárky sú a túto knihu napísali pre všetky ženy, ktoré chcú robiť informované rozhodnutia o svojom sexuálno...

Full description

Bibliographic Details
Main Authors: Brochmann, Nina, 1987- (Author), Dahl, Ellen Støkken, 1991- (Author)
Other Authors: Hrašková, Lucia, 1990- (Narrator)
Format: CD Audio
Language:Slovak
English
PhysicalDescription:1 elektronický optický disk (CD-ROM) digitálny, MP3 12cm
Published: Levoča Slovenská knižnica pre nevidiacich Mateja Hrebendu 2020
ISBN:9788018087527
Subjects:

MARC

LEADER 00000nim a2200000 a 4500
001 vtls012003178
003 SK-MaSNL
005 20260301103748.0
007 sd fungnnmmned
008 201113s2020 xo nnnnfs z n slo
015 |a SNBJ2023 
020 |a 9788018087527  |q (CD-ROM) 
040 |a SNK  |b slo  |c SNK  |e AACR2 
041 1 |a slo  |h eng 
044 |a xo  |c SK 
072 7 |a 612  |x Fyziológia človeka a porovnávacia fyziológia  |2 konspekt 
080 |a 612.62  |2 2011 
080 |a 612.662  |2 2011 
080 |a 618.1  |2 2011 
080 |a (035)  |2 2011 
080 |a (0.062)  |2 2011 
080 |a (086.7)  |2 2011 
100 1 |a Brochmann, Nina,  |d 1987-  |4 aut  |9 188689 
245 1 0 |a Bez hanby o ohanbí  |h elektronický zdroj  |b všetko, čo ste chceli vedieť o vagíne a neodvážili ste sa opýtať  |c Nina Brochmann, Ellen Støkken Dahl ; číta: Lucia Hrašková 
260 |a Levoča  |b Slovenská knižnica pre nevidiacich Mateja Hrebendu  |c 2020 
300 |a 1 elektronický optický disk (CD-ROM)  |b digitálny, MP3  |c 12cm 
306 |a 120000 
520 8 |a Bez hanby o ohanbí je knižka, ktorá vysvetľuje všetko, čo ste chceli vedieť o vagíne, ale neodvážili ste sa na to nikoho opýtať. Ani len lekára či svojej najlepšej kamarátky. Jej autorky však lekárky sú a túto knihu napísali pre všetky ženy, ktoré chcú robiť informované rozhodnutia o svojom sexuálnom zdraví. 
521 |a Pre nevidiacich, slabozrakých a inak zdravotne postihnutých 
650 0 7 |a ženské pohlavné orgány  |2 SNKPH  |9 50805 
650 0 7 |a menštruácia  |2 SNKPH  |9 14476 
650 0 7 |a gynekológia  |2 SNKPH  |9 2474 
655 7 |a zvukové záznamy  |2 SNKPH  |9 70720 
655 7 |a príručky  |2 SNKPH  |9 74364 
655 7 |a populárno-náučné publikácie  |2 SNKPH  |9 70460 
700 1 |a Dahl, Ellen Støkken,  |d 1991-  |4 aut  |9 188690 
700 1 |a Hrašková, Lucia,  |d 1990-  |4 nrt  |9 312686 
787 0 8 |i Podľa knihy:  |t Bez hanby o ohanbí : všetko, čo ste chceli vedieť o vagíne a neodvážili ste sa opýtať  |d [Bratislava] : Slovart, spol. s r.o., 2019  |z 978-80-556-3945-1 
919 |a 978-80-18-08752-7 
958 |a SX 
999 |c 696201  |d 698131 
952 |a SNK  |b SNK  |y PREZ  |7 0  |p 17A1468270  |o snkSCD 5756  |i snk2021/17806  |8 0  |0 0  |1 0  |4 0  |d 2021-11-10  |l 0  |r 2026-02-23 20:42:04  |w 2026-02-23